[Event "Massy Op"]
[Site "Massy"]
[Date "10.06.30"]
[Round "?"]
[White "Nguyen, Vincent"]
[Black "Plantet, Marc"]
[Result "1-0"]
[WhiteElo "2211"]
[BlackElo "1914"]
[PlyCount "39"]
[EventDate "2010.06.??"]
[EventType "swiss"]
[EventRounds "7"]
[EventCountry "FRA"]
[WhiteTeamCountry "FRA"]
[BlackTeamCountry "FRA"]

1. e4 c5 2. Nc3 Nc6 3. f4 g6 4. Nf3 Bg7 5. Bc4 e6 6. O-O Nge7 7. Qe1 O-O 8. d3
d5 9. Bb3 b5 10. Nxb5 Ba6 11. c4 Rb8 12. Nc3 Na5 13. Qh4 dxc4 14. dxc4 Bxc4 15.
Bxc4 Nxc4 16. Rd1 Qc7 17. f5 exf5 18. exf5 Nxf5 19. Qxc4 Rfe8 20. Bf4 1-0

[Event "Massy Op"]
[Site "Massy"]
[Date "10.06.30"]
[Round "?"]
[White "Gaudin, Roger"]
[Black "Saunier, Jean Francois"]
[Result "1/2-1/2"]
[WhiteElo "1597"]
[BlackElo "1729"]
[PlyCount "140"]
[EventDate "2010.06.??"]
[EventType "swiss"]
[EventRounds "7"]
[EventCountry "FRA"]
[WhiteTeamCountry "FRA"]
[BlackTeamCountry "FRA"]

1. d4 Nf6 2. c4 g6 3. Nc3 Bg7 4. e4 d6 5. Nf3 Nbd7 6. Bd3 O-O 7. Bg5 h6 8. Bh4
g5 9. Bg3 Re8 10. Bc2 Nf8 11. h4 g4 12. Nh2 h5 13. f3 Bh6 14. Ne2 Bd7 15. Bf4
Bxf4 16. Nxf4 e5 17. Nd5 Nxd5 18. cxd5 Qxh4+ 19. Ke2 Qg3 20. Kf1 Ng6 21. dxe5
Rxe5 22. Qe1 Qf4 23. Kg1 Rae8 24. Nf1 gxf3 25. Qf2 fxg2 26. Kxg2 Rg5+ 27. Ng3
Nh4+ 28. Rxh4 Qxh4 29. Rg1 Qg4 30. Kf1 Bb5+ 31. Ke1 Rxd5 32. Ne2 Rg5 33. Rxg4
Rxg4 34. Nd4 Bd7 35. Nf5 Bxf5 36. Qxf5 Re5 37. Qc8+ Kg7 38. Qxc7 Rg1+ 39. Kf2
Rc1 40. Qc3 Kf8 41. Qd2 Rh1 42. Qxd6+ Re7 43. Qh6+ Kg8 44. Qg5+ Kf8 45. Kg2 Ra1
46. Qxh5 Re6 47. Qc5+ Kg7 48. Qd4+ Kf8 49. Kf2 b6 50. Ke2 Rh1 51. Kd3 Rh3+ 52.
Kc4 Rc6+ 53. Kb5 Rxc2 54. Ka6 Rhh2 55. Kxa7 Rxb2 56. a4 Rhd2 57. Qh8+ Ke7 58.
e5 Rd7+ 59. Ka6 Rdd2 60. Qf6+ Ke8 61. Kb7 Re2 62. Qh8+ Ke7 63. Qf6+ Ke8 64.
Qc6+ Kf8 65. Qd6+ Kg8 66. Qd8+ Kg7 67. Qf6+ Kf8 68. Qh6+ Ke8 69. Qh8+ Ke7 70.
Qf6+ Ke8 1/2-1/2

[Event "Massy Op"]
[Site "Massy"]
[Date "10.06.30"]
[Round "?"]
[White "Frere,  Bruno"]
[Black "Msellek, Ilyass"]
[Result "0-1"]
[WhiteElo "1797"]
[BlackElo "2024"]
[PlyCount "68"]
[EventDate "2010.06.??"]
[EventType "swiss"]
[EventRounds "7"]
[EventCountry "FRA"]
[WhiteTeamCountry "FRA"]
[BlackTeamCountry "FRA"]

1. e4 c5 2. Na3 e6 3. c3 d5 4. e5 Nc6 5. Nf3 d4 6. Bb5 Bd7 7. O-O Nh6 8. Re1
Be7 9. d3 Nf5 10. Bf4 a6 11. Bxc6 Bxc6 12. Nc2 g5 13. Bc1 g4 14. Nd2 dxc3 15.
Ne4 cxb2 16. Bxb2 h5 17. d4 c4 18. Nd6+ Bxd6 19. exd6 Bd5 20. Nb4 Qxd6 21. Nxd5
Qxd5 22. Re5 Qd6 23. d5 O-O-O 24. Qc2 b5 25. Rxf5 exf5 26. Qxf5+ Qd7 27. Qxd7+
Kxd7 28. Bxh8 Rxh8 29. Kf1 Kd6 30. Rd1 Re8 31. Rd4 c3 32. Rd3 b4 33. Rd4 a5 34.
Rc4 Kxd5 0-1

[Event "Massy Op"]
[Site "Massy"]
[Date "10.06.30"]
[Round "?"]
[White "Lavabre, Fabien"]
[Black "Legrand, Stephane"]
[Result "0-1"]
[WhiteElo "2236"]
[BlackElo "2129"]
[PlyCount "136"]
[EventDate "2010.06.??"]
[EventType "swiss"]
[EventRounds "7"]
[EventCountry "FRA"]
[WhiteTeamCountry "FRA"]
[BlackTeamCountry "FRA"]

1. d4 d5 2. Bg5 f6 3. Bf4 Nc6 4. e3 e5 5. Bg3 h5 6. h3 h4 7. Bh2 exd4 8. exd4
Bd6 9. Bxd6 Qxd6 10. Bd3 Nge7 11. Ne2 Bd7 12. Nbc3 Nb4 13. a3 Nxd3+ 14. Qxd3
O-O-O 15. O-O-O Bf5 16. Qb5 Nc6 17. Na4 a6 18. Qb3 b6 19. Nac3 Na5 20. Qb4 Qxb4
21. axb4 Nc6 22. b5 axb5 23. Nxb5 g5 24. b3 Nb4 25. Rd2 Rhe8 26. Nbc3 Re6 27.
Kb2 c5 28. Rhd1 Kb7 29. Rc1 Rde8 30. Ng1 Kc6 31. Nf3 Bg6 32. Rcd1 Rd6 33. Re1
Rxe1 34. Nxe1 Re6 35. Re2 Bf5 36. Rxe6+ Bxe6 37. Ne2 Kd6 38. c3 Nc6 39. Nc2 Bf5
40. Ne3 Bd3 41. dxc5+ bxc5 42. Nc1 Bg6 43. Ne2 Ne5 44. Nc1 f5 45. b4 cxb4 46.
cxb4 d4 47. Nd1 f4 48. Nb3 Kd5 49. b5 Bd3 50. b6 Nc4+ 51. Kc1 Nxb6 52. Nd2 Be2
53. Nb2 Nd7 54. f3 Nc5 55. Kc2 Ne6 56. Na4 Ng7 57. Nb6+ Ke6 58. Ne4 Kf5 59. Nd2
Kg6 60. Nd7 Nf5 61. Ne4 Ne3+ 62. Kd2 Bf1 63. Ne5+ Kf5 64. Nc6 Bxg2 65. Nxd4+
Kg6 66. Ne6 Bxh3 67. N4xg5 Bxe6 68. Nxe6 Kf5 0-1

[Event "Massy Op"]
[Site "Massy"]
[Date "10.06.30"]
[Round "?"]
[White "Guilleux, Fabien"]
[Black "Aurel, Luc"]
[Result "1/2-1/2"]
[WhiteElo "2394"]
[BlackElo "2185"]
[PlyCount "107"]
[EventDate "2010.06.??"]
[EventType "swiss"]
[EventRounds "7"]
[EventCountry "FRA"]
[WhiteTeamCountry "FRA"]
[BlackTeamCountry "FRA"]

1. d4 Nf6 2. c4 Nc6 3. Nf3 e6 4. a3 d6 5. Nc3 g6 6. e4 Bg7 7. Be2 O-O 8. Be3
Re8 9. Qd3 h6 10. h3 a5 11. b3 Nd7 12. O-O e5 13. d5 Nd4 14. Nxd4 Nc5 15. Ne6
fxe6 16. Bxc5 dxc5 17. Qg3 exd5 18. Nxd5 c6 19. Nc3 Kh7 20. Na4 b6 21. Rad1 Qc7
22. Rd3 Be6 23. Bg4 Bxg4 24. Qxg4 Rad8 25. Rfd1 Rd4 26. Rg3 Rxd1+ 27. Qxd1 Rd8
28. Rd3 Rd4 29. Rxd4 cxd4 30. Nb2 Qd6 31. a4 Qb4 32. Nd3 Qc3 33. Kf1 h5 34. Ke2
Bf6 35. Qb1 Kg7 36. Qb2 Qxb2+ 37. Nxb2 c5 38. Nd3 Kf7 39. f4 Ke6 40. Kf3 g5 41.
g3 Kd6 42. fxg5 Bxg5 43. g4 h4 44. Ke2 Ke6 45. Ne1 Bf4 46. Nf3 Bg3 47. Nd2 Bf4
48. Nb1 Kd6 49. Na3 Bc1 50. Nc2 Ke6 51. Ne1 Bf4 52. Nd3 Bg5 53. Ne1 Bf4 54. Nd3
1/2-1/2

[Event "Massy Op"]
[Site "Massy"]
[Date "10.06.30"]
[Round "?"]
[White "Mousset Evtouchenko, Nina"]
[Black "Champagne, Pascal"]
[Result "1-0"]
[WhiteElo "1735"]
[BlackElo "1685"]
[PlyCount "109"]
[EventDate "2010.06.??"]
[EventType "swiss"]
[EventRounds "7"]
[EventCountry "FRA"]
[WhiteTeamCountry "FRA"]
[BlackTeamCountry "FRA"]

1. e4 g6 2. d4 Bg7 3. c3 d6 4. f4 Nf6 5. e5 dxe5 6. fxe5 Bg4 7. Qb3 Qd5 8. exf6
Qe4+ 9. Ne2 Bxf6 10. Qd1 Bh4+ 11. g3 Bxg3+ 12. hxg3 Qxh1 13. Qa4+ Nd7 14. Bf4
Bxe2 15. Kxe2 Qe4+ 16. Kd2 c6 17. Na3 Qh1 18. Re1 O-O 19. Bd3 Qg2+ 20. Re2 Qf3
21. Rh2 Nb6 22. Qc2 Nd5 23. Be2 Qxf4+ 24. gxf4 Nxf4 25. Bf3 Rad8 26. Qe4 Nd5
27. Qh4 Nf6 28. Nc4 b5 29. Ne3 Rd6 30. Ng4 h5 31. b4 Kg7 32. Ne5 Rc8 33. Qg3
Kf8 34. Qg2 c5 35. bxc5 Rxc5 36. Kc2 Rxd4 37. Nd3 Rcc4 38. Nb2 Rc7 39. Kb3 Rd8
40. Qg5 a6 41. Qh6+ Kg8 42. Rg2 Ng4 43. Bxg4 hxg4 44. Rxg4 Rc5 45. Rh4 Rh5 46.
Rxh5 gxh5 47. Qxh5 Rd6 48. Qg4+ Kh7 49. Qe4+ Rg6 50. Qxe7 Kg7 51. Qe5+ Rf6 52.
Nd3 Kg6 53. Nf4+ Rxf4 54. Qxf4 f5 55. Kb4 1-0

[Event "Massy Op"]
[Site "Massy"]
[Date "10.06.30"]
[Round "?"]
[White "Robert, Jean Marie"]
[Black "Trommsdorf, Fro"]
[Result "1/2-1/2"]
[WhiteElo "1834"]
[BlackElo "2069"]
[PlyCount "81"]
[EventDate "2010.06.??"]
[EventType "swiss"]
[EventRounds "7"]
[EventCountry "FRA"]
[WhiteTeamCountry "FRA"]
[BlackTeamCountry "FRA"]

1. c4 Nf6 2. g3 e5 3. Bg2 Nc6 4. Nf3 Bc5 5. O-O O-O 6. Nc3 Re8 7. d3 h6 8. a3
a6 9. e3 d6 10. b3 Bd7 11. d4 Ba7 12. Bb2 exd4 13. Nxd4 Bxd4 14. exd4 Na5 15.
Qc2 Qe7 16. Rad1 Bg4 17. Rd2 Qd7 18. f3 Bf5 19. Qd1 Re3 20. Rff2 Rae8 21. Rfe2
b5 22. Rxe3 Rxe3 23. Kf2 Re8 24. cxb5 axb5 25. Bf1 c6 26. b4 Nc4 27. Bxc4 bxc4
28. Re2 Rxe2+ 29. Qxe2 Bd3 30. Qd1 Qh3 31. Qg1 Kf8 32. Bc1 Ke7 33. Be3 Kd7 34.
a4 Kc7 35. a5 h5 36. Ke1 Kb7 37. Qf2 Ka6 38. Kd2 Qf5 39. Kc1 g5 40. Kb2 g4 41.
fxg4 1/2-1/2

[Event "Massy Op"]
[Site "Massy"]
[Date "10.06.30"]
[Round "?"]
[White "Tchimichkian, Vardan"]
[Black "Cambus , Patrick"]
[Result "0-1"]
[WhiteElo "1565"]
[BlackElo "1728"]
[PlyCount "70"]
[EventDate "2010.06.??"]
[EventType "swiss"]
[EventRounds "7"]
[EventCountry "FRA"]
[WhiteTeamCountry "FRA"]
[BlackTeamCountry "FRA"]

1. e4 d5 2. d4 dxe4 3. Nc3 Bf5 4. f3 Nf6 5. Bc4 e6 6. fxe4 Nxe4 7. Nf3 Nc6 8.
O-O Bd6 9. Qe1 Nxc3 10. Qxc3 O-O 11. a3 Ne7 12. Bg5 c6 13. Bd3 Bxd3 14. Qxd3
Qc7 15. Rae1 h6 16. Bh4 Nf5 17. Bf2 Rad8 18. g4 Ne7 19. g5 hxg5 20. Nxg5 Nf5
21. Qh3 Nh6 22. Re4 Bf4 23. Bh4 e5 24. dxe5 Bxg5 25. Bxg5 Qd7 26. Qg2 Qe6 27.
Bxd8 Rxd8 28. h3 Kh8 29. Qf2 Rd5 30. Qxa7 Qg6+ 31. Rg4 Nxg4 32. hxg4 Qxg4+ 33.
Kh1 Qh3+ 34. Kg1 Qg3+ 35. Kh1 Rd2 0-1

[Event "Massy Op"]
[Site "Massy"]
[Date "10.06.30"]
[Round "?"]
[White "Benmenni, Boubekeur"]
[Black "Andre, Philippe"]
[Result "0-1"]
[WhiteElo "1726"]
[BlackElo "1793"]
[PlyCount "90"]
[EventDate "2010.06.??"]
[EventType "swiss"]
[EventRounds "7"]
[EventCountry "FRA"]
[WhiteTeamCountry "FRA"]
[BlackTeamCountry "FRA"]

1. d4 Nf6 2. c4 e6 3. Nc3 Bb4 4. a3 Bxc3+ 5. bxc3 b6 6. Bg5 h6 7. Bh4 Bb7 8. f3
d6 9. e4 Nbd7 10. Bd3 O-O 11. Ne2 e5 12. O-O Re8 13. Bf2 Qe7 14. Ng3 g6 15. Be3
Kg7 16. Qd2 Rh8 17. f4 Ng4 18. fxe5 Qh4 19. h3 Nxe3 20. Qxe3 dxe5 21. Qf2 Qe7
22. h4 Rhf8 23. h5 Rad8 24. Qc2 Nf6 25. hxg6 fxg6 26. d5 Ng4 27. Rxf8 Rxf8 28.
Rf1 Qh4 29. Rxf8 Qh2+ 30. Kf1 Ne3+ 31. Kf2 Nxc2 32. Re8 Kf7 33. Rxe5 Nxa3 34.
Re6 Qh4 35. Kf3 Bc8 36. Rc6 Qg4+ 37. Kf2 Qf4+ 38. Kg1 Qxg3 39. d6 cxd6 40. Rc7+
Kf6 41. Be2 Be6 42. Rxa7 Nxc4 43. Ra4 Qe1+ 44. Bf1 Ne3 45. Ra1 Qxa1 0-1

[Event "Massy Op"]
[Site "Massy"]
[Date "10.06.30"]
[Round "?"]
[White "Reuther, Guido"]
[Black "Demetz , Yves"]
[Result "0-1"]
[WhiteElo "1672"]
[BlackElo "1833"]
[PlyCount "64"]
[EventDate "2010.06.??"]
[EventType "swiss"]
[EventRounds "7"]
[EventCountry "FRA"]
[WhiteTeamCountry "FRA"]
[BlackTeamCountry "FRA"]

1. c4 Nf6 2. Nc3 d5 3. cxd5 Nxd5 4. e3 g6 5. Qa4+ Bd7 6. Qb3 Nb6 7. Nf3 Bg7 8.
h4 Be6 9. Qd1 Bg4 10. Be2 N8d7 11. d4 e6 12. Ng5 Bxe2 13. Qxe2 Qe7 14. a3 h6
15. Nge4 f5 16. Nd2 c5 17. Nb5 O-O 18. g4 a6 19. dxc5 Qxc5 20. Nd4 e5 21. N4b3
Qd5 22. e4 fxe4 23. Qxe4 Qf7 24. O-O Nf6 25. Qe2 Rac8 26. f3 Qd5 27. Qe3 Nc4
28. Nxc4 Rxc4 29. Bd2 Nxg4 30. Qe2 Nf6 31. Bb4 Rxb4 32. axb4 Qxb3 0-1

[Event "Massy Op"]
[Site "Massy"]
[Date "10.06.30"]
[Round "?"]
[White "Tirel,  Marcel"]
[Black "Levesque, Thomas"]
[Result "0-1"]
[WhiteElo "1680"]
[BlackElo "1974"]
[PlyCount "62"]
[EventDate "2010.06.??"]
[EventType "swiss"]
[EventRounds "7"]
[EventCountry "FRA"]
[WhiteTeamCountry "FRA"]
[BlackTeamCountry "FRA"]

1. d4 f5 2. Nf3 Nf6 3. c4 e6 4. Nc3 b6 5. Bg5 Bb7 6. e3 Bb4 7. Rc1 O-O 8. Be2
h6 9. Bh4 g5 10. Bg3 d6 11. O-O Nbd7 12. a3 Bxc3 13. Rxc3 Ne4 14. Rc1 Qf6 15.
b4 Rfd8 16. Qb3 c5 17. Rfd1 e5 18. dxe5 dxe5 19. Qb2 f4 20. exf4 exf4 21. Qxf6
Ndxf6 22. Bxf4 gxf4 23. Ne5 Rxd1+ 24. Bxd1 Ng5 25. h4 Ne6 26. Be2 Nd4 27. Bd3
Re8 28. Re1 f3 29. Re3 fxg2 30. Rg3+ Kf8 31. Ng6+ Kf7 0-1

[Event "Massy Op"]
[Site "Massy"]
[Date "10.06.30"]
[Round "?"]
[White "Deutsche , Gerald"]
[Black "Trkulja , Nicolas"]
[Result "0-1"]
[WhiteElo "1440"]
[BlackElo "1725"]
[PlyCount "78"]
[EventDate "2010.06.??"]
[EventType "swiss"]
[EventRounds "7"]
[EventCountry "FRA"]
[WhiteTeamCountry "FRA"]
[BlackTeamCountry "FRA"]

1. e4 e6 2. d4 d5 3. e5 c5 4. c3 Qb6 5. Nf3 Bd7 6. Be2 Bb5 7. O-O Bxe2 8. Qxe2
Nc6 9. Rd1 cxd4 10. cxd4 Rc8 11. Nc3 Nge7 12. Na4 Qb4 13. Nc5 Nxd4 14. Nxd4
Qxc5 15. Be3 Qa5 16. a3 Nc6 17. Qh5 Nxd4 18. Rxd4 Rc4 19. Rf4 Rxf4 20. Bxf4 g6
21. Qh4 Qd8 22. Bg5 Be7 23. Bf6 Bxf6 24. Qa4+ Qd7 25. Qxd7+ Kxd7 26. exf6 Rc8
27. Kf1 e5 28. Rd1 Kd6 29. b4 b5 30. h4 Rc4 31. g3 d4 32. Ke2 Ke6 33. Rd3 Kxf6
34. Kf3 Rc3 35. Rxc3 dxc3 36. Ke2 e4 37. Kd1 Kf5 38. Kc2 Kg4 39. Kxc3 Kf3 0-1

[Event "Massy Op"]
[Site "Massy"]
[Date "10.06.30"]
[Round "?"]
[White "Doucin, Paul"]
[Black "Peignien, Laurent"]
[Result "1-0"]
[WhiteElo "1692"]
[BlackElo "1526"]
[PlyCount "47"]
[EventDate "2010.06.??"]
[EventType "swiss"]
[EventRounds "7"]
[EventCountry "FRA"]
[WhiteTeamCountry "FRA"]
[BlackTeamCountry "FRA"]

1. e4 e6 2. d4 d5 3. Nc3 Bb4 4. e5 c5 5. a3 Bxc3+ 6. bxc3 Ne7 7. Qg4 O-O 8. Bg5
Nbc6 9. Bd2 cxd4 10. cxd4 Nf5 11. Nf3 Qc7 12. Bd3 Nce7 13. O-O f6 14. Qh3 fxe5
15. Nxe5 Rf6 16. Bg5 Rh6 17. Bxh6 Nxh6 18. g4 Qc3 19. Qe3 Kf8 20. Bxh7 Qxe3 21.
fxe3+ Ke8 22. Rf4 Nhg8 23. Bxg8 Nxg8 24. Rf7 1-0

[Event "Massy Op"]
[Site "Massy"]
[Date "10.06.30"]
[Round "?"]
[White "Veron, Cyprien"]
[Black "Pernet, Roger"]
[Result "1/2-1/2"]
[WhiteElo "2087"]
[BlackElo "1804"]
[PlyCount "59"]
[EventDate "2010.06.??"]
[EventType "swiss"]
[EventRounds "7"]
[EventCountry "FRA"]
[WhiteTeamCountry "FRA"]
[BlackTeamCountry "FRA"]

1. Nf3 f5 2. d3 d6 3. e4 e5 4. g3 Nf6 5. Nbd2 Nc6 6. Bg2 Be7 7. O-O O-O 8. c3
Qe8 9. Ng5 Nd8 10. exf5 Bxf5 11. Nde4 c6 12. Nxf6+ Bxf6 13. Ne4 Be7 14. f4 d5
15. Nf2 exf4 16. Bxf4 Qd7 17. d4 Ne6 18. Be5 Bd6 19. Bxd6 Qxd6 20. Nd3 Bxd3 21.
Qxd3 Rxf1+ 22. Rxf1 Rf8 23. Rf5 Rxf5 24. Qxf5 Nf8 25. Bh3 Qh6 26. Kg2 Qc1 27.
Qf2 Qb1 28. a3 Qe4+ 29. Qf3 Qc2+ 30. Qf2 1/2-1/2

[Event "Massy Op"]
[Site "Massy"]
[Date "10.06.30"]
[Round "?"]
[White "De Lagontrie, Jean"]
[Black "Preschez,  Francois"]
[Result "1/2-1/2"]
[WhiteElo "1965"]
[BlackElo "1850"]
[PlyCount "47"]
[EventDate "2010.06.??"]
[EventType "swiss"]
[EventRounds "7"]
[EventCountry "FRA"]
[WhiteTeamCountry "FRA"]
[BlackTeamCountry "FRA"]

1. d4 Nf6 2. c4 g6 3. Nc3 Bg7 4. e4 d6 5. f4 O-O 6. Nf3 c5 7. d5 e6 8. Be2 exd5
9. cxd5 Re8 10. e5 dxe5 11. fxe5 Ng4 12. O-O Nxe5 13. Bf4 Nbd7 14. d6 Nxf3+ 15.
Bxf3 Ne5 16. Nb5 Nxf3+ 17. Qxf3 Bd7 18. Nc7 Bc6 19. Qg3 Bxb2 20. Rae1 Qd7 21.
Nxa8 Rxa8 22. Re7 Qf5 23. Rfe1 Bf6 24. R7e2 1/2-1/2

[Event "Massy Op"]
[Site "Massy"]
[Date "10.06.30"]
[Round "?"]
[White "Legrand , Antoine"]
[Black "Bastin, Eugene"]
[Result "1/2-1/2"]
[WhiteElo "1668"]
[BlackElo "1489"]
[PlyCount "78"]
[EventDate "2010.06.??"]
[EventType "swiss"]
[EventRounds "7"]
[EventCountry "FRA"]
[WhiteTeamCountry "FRA"]
[BlackTeamCountry "FRA"]

1. e4 c6 2. d4 d5 3. exd5 cxd5 4. c4 dxc4 5. Bxc4 Nc6 6. Nf3 g6 7. Bb5 Bd7 8.
Nc3 Bg7 9. Be3 Nf6 10. a3 O-O 11. h3 a6 12. Bxc6 Bxc6 13. O-O Rc8 14. Ne5 Nd5
15. Nxc6 Rxc6 16. Rc1 Qd7 17. Nxd5 Qxd5 18. Rxc6 Qxc6 19. Qd2 Rd8 20. Rc1 Qd7
21. Rc4 e6 22. Rb4 Rc8 23. Rb3 Qd5 24. Qb4 Rc7 25. Rc3 Qd7 26. Bf4 Rc8 27. Kh1
Bf8 28. Rxc8 Qxc8 29. Qb3 Bg7 30. Qf3 Qd7 31. Be5 Qb5 32. Bxg7 Kxg7 33. b4 Qd7
34. Qc3 Kg8 35. Qc5 Kg7 36. Kh2 f6 37. g3 Kf7 38. h4 h5 39. f4 Qd8 1/2-1/2

[Event "Massy Op"]
[Site "Massy"]
[Date "10.06.30"]
[Round "?"]
[White "Baldi, Valentine"]
[Black "Perolle, Guy"]
[Result "0-1"]
[WhiteElo "1622"]
[BlackElo "1693"]
[PlyCount "84"]
[EventDate "2010.06.??"]
[EventType "swiss"]
[EventRounds "7"]
[EventCountry "FRA"]
[WhiteTeamCountry "FRA"]
[BlackTeamCountry "FRA"]

1. d4 Nf6 2. c4 d6 3. Nc3 g6 4. e4 Bg7 5. Nf3 c6 6. Be2 O-O 7. O-O Na6 8. a3
Nc7 9. b4 Bd7 10. Bb2 b5 11. Rc1 a5 12. cxb5 cxb5 13. bxa5 Rxa5 14. Qb3 Qb8 15.
Qb4 Qb6 16. a4 Na6 17. Qb3 b4 18. Bxa6 Rxa6 19. Na2 Rb8 20. Rc4 Rxa4 21. Re1 e6
22. Nc1 Kf8 23. Nd3 Ne8 24. Ra1 Rxa1+ 25. Bxa1 Nf6 26. Rxb4 Bb5 27. e5 Nd5 28.
exd6 Nxb4 29. Qxb4 Bd7 30. Qa3 f6 31. h3 Kf7 32. Nc5 Qxd6 33. Qd3 Bc6 34. Nd2
Qd5 35. Nde4 h6 36. f3 f5 37. Ng3 Bb5 38. Qa3 Ra8 39. Qc3 Rxa1+ 40. Kh2 Bxd4
41. Qc2 Qxc5 42. Qb3 Be5 0-1

[Event "Massy Op"]
[Site "Massy"]
[Date "10.06.30"]
[Round "?"]
[White "Barchilon, Jean Charles"]
[Black "Debray, Christopher"]
[Result "0-1"]
[WhiteElo "1946"]
[BlackElo "2377"]
[PlyCount "50"]
[EventDate "2010.06.??"]
[EventType "swiss"]
[EventRounds "7"]
[EventCountry "FRA"]
[WhiteTeamCountry "FRA"]
[BlackTeamCountry "FRA"]

1. d4 Nf6 2. c4 e6 3. Nc3 Bb4 4. Qc2 O-O 5. e4 d5 6. cxd5 exd5 7. e5 Ne4 8. Bd3
c5 9. a3 Bxc3+ 10. bxc3 cxd4 11. cxd4 Qa5+ 12. Bd2 Nxd2 13. Qxd2 Qxd2+ 14. Kxd2
Nc6 15. Ne2 f6 16. exf6 Rxf6 17. f3 Bf5 18. Rab1 b6 19. Rbc1 Na5 20. Rc7 Re8
21. Bb5 Nb3+ 22. Kd1 Re3 23. Bc6 Rxc6 24. Rxc6 Rxe2 25. Rxb6 Rd2+ 0-1

[Event "Massy Op"]
[Site "Massy"]
[Date "10.06.30"]
[Round "?"]
[White "Pommier, Eugene"]
[Black "Bagoe, Stephen"]
[Result "1-0"]
[WhiteElo "1511"]
[BlackElo "1703"]
[PlyCount "73"]
[EventDate "2010.06.??"]
[EventType "swiss"]
[EventRounds "7"]
[EventCountry "FRA"]
[WhiteTeamCountry "FRA"]
[BlackTeamCountry "FRA"]

1. d4 e6 2. c4 d5 3. Nc3 c6 4. Nf3 Be7 5. e3 Nf6 6. Bd3 Nbd7 7. O-O O-O 8. Re1
b6 9. cxd5 cxd5 10. Bd2 Bb7 11. Rc1 Rc8 12. Qa4 a6 13. Ne2 b5 14. Rxc8 Qxc8 15.
Qb3 Nb6 16. Rc1 Nc4 17. Qc2 Qd7 18. b3 Nxd2 19. Qxd2 Rc8 20. Ne5 Rxc1+ 21. Qxc1
Qc8 22. Qb2 Nd7 23. f4 Nxe5 24. fxe5 f6 25. Qb1 f5 26. Nf4 g5 27. Nh5 b4 28. g4
Qe8 29. Ng3 Bc8 30. gxf5 exf5 31. Bxf5 Bxf5 32. Qxf5 Qf8 33. Qe6+ Qf7 34. Qc8+
Kg7 35. Nf5+ Kg6 36. Nxe7+ Qxe7 37. Qc6+ 1-0

[Event "Massy Op"]
[Site "Massy"]
[Date "10.06.30"]
[Round "?"]
[White "Yallaoui , Jean"]
[Black "Albaric, Etienne"]
[Result "0-1"]
[WhiteElo "1719"]
[BlackElo "1727"]
[PlyCount "44"]
[EventDate "2010.06.??"]
[EventType "swiss"]
[EventRounds "7"]
[EventCountry "FRA"]
[WhiteTeamCountry "FRA"]
[BlackTeamCountry "FRA"]

1. c4 Nf6 2. Nc3 e5 3. g3 c6 4. Nf3 e4 5. Ng5 d5 6. cxd5 cxd5 7. Bg2 Be7 8. d3
h6 9. Nh3 Bf5 10. dxe4 dxe4 11. Qa4+ Qd7 12. Qxd7+ Nbxd7 13. Nf4 O-O 14. O-O
Nb6 15. e3 Bc5 16. b3 Rfd8 17. f3 exf3 18. Bxf3 Rd7 19. Kg2 Re8 20. Re1 Bb4 21.
Rd1 Bxc3 22. Rxd7 Nbxd7 0-1

[Event "Massy Op"]
[Site "Massy"]
[Date "10.06.30"]
[Round "?"]
[White "Dean, Pietro"]
[Black "Frere , Mehdi"]
[Result "1-0"]
[WhiteElo "1479"]
[BlackElo "1320"]
[PlyCount "69"]
[EventDate "2010.06.??"]
[EventType "swiss"]
[EventRounds "7"]
[EventCountry "FRA"]
[WhiteTeamCountry "FRA"]
[BlackTeamCountry "FRA"]

1. e4 g6 2. Nf3 Bg7 3. Bc4 d6 4. Ng5 e6 5. d4 Ne7 6. Nf3 O-O 7. O-O f5 8. e5
dxe5 9. dxe5 Qxd1 10. Rxd1 Nbc6 11. Bf4 Rd8 12. Rxd8+ Nxd8 13. Ng5 Ndc6 14.
Bxe6+ Bxe6 15. Nxe6 Nxe5 16. Nxg7 Nf3+ 17. gxf3 Kxg7 18. Nc3 c6 19. Rd1 Kf6 20.
Rd6+ Kf7 21. Rd7 Ke8 22. Rxb7 a5 23. Rb8+ Rxb8 24. Bxb8 Nd5 25. Nxd5 cxd5 26.
Be5 Kd7 27. b3 Kc6 28. c3 Kb5 29. a4+ Kc6 30. Kf1 Kc5 31. Ke2 f4 32. h4 h5 33.
Kd3 g5 34. hxg5 h4 35. Bxf4 1-0

[Event "Massy Op"]
[Site "Massy"]
[Date "10.06.30"]
[Round "?"]
[White "Jonas, Joseph"]
[Black "Saliou , Ronan"]
[Result "1-0"]
[WhiteElo "1630"]
[BlackElo "1210"]
[PlyCount "27"]
[EventDate "2010.06.??"]
[EventType "swiss"]
[EventRounds "7"]
[EventCountry "FRA"]
[WhiteTeamCountry "FRA"]
[BlackTeamCountry "FRA"]

1. e4 e5 2. Nf3 Nc6 3. d4 exd4 4. Nxd4 Nf6 5. Nxc6 bxc6 6. Bd3 d5 7. e5 Nd7 8.
O-O Nxe5 9. Re1 Bd6 10. f4 f6 11. fxe5 fxe5 12. Qh5+ Kd7 13. Bf5+ Ke7 14. Bg5+
1-0

[Event "Massy Op"]
[Site "Massy"]
[Date "10.06.30"]
[Round "?"]
[White "Legrand , Francoise"]
[Black "Legrand, Claire"]
[Result "1/2-1/2"]
[WhiteElo "1763"]
[BlackElo "1593"]
[PlyCount "52"]
[EventDate "2010.06.??"]
[EventType "swiss"]
[EventRounds "7"]
[EventCountry "FRA"]
[WhiteTeamCountry "FRA"]
[BlackTeamCountry "FRA"]

1. e4 d6 2. d4 Nf6 3. Nc3 Nbd7 4. g4 h6 5. Bg2 e5 6. g5 hxg5 7. Bxg5 Be7 8. Qd2
c6 9. O-O-O Qc7 10. h3 b6 11. f4 Bb7 12. Nf3 O-O-O 13. Qe3 Rhe8 14. Nh4 g6 15.
f5 gxf5 16. Nxf5 d5 17. dxe5 Qxe5 18. Qd4 Qxd4 19. Rxd4 c5 20. Rdd1 d4 21. Nd5
Nxd5 22. exd5 Bxg5+ 23. Kb1 Kc7 24. d6+ Kb8 25. Bxb7 Kxb7 26. Rhg1 Bf4 1/2-1/2

[Event "Massy Op"]
[Site "Massy"]
[Date "10.06.30"]
[Round "?"]
[White "Rubcke, Horst"]
[Black "Ghersi , Kader"]
[Result "0-1"]
[WhiteElo "1615"]
[BlackElo "1759"]
[PlyCount "38"]
[EventDate "2010.06.??"]
[EventType "swiss"]
[EventRounds "7"]
[EventCountry "FRA"]
[WhiteTeamCountry "FRA"]
[BlackTeamCountry "FRA"]

1. e4 e5 2. Bc4 Nf6 3. d4 exd4 4. Nf3 d6 5. Qxd4 Bd7 6. Bg5 Be7 7. O-O Nc6 8.
Qd3 O-O 9. a3 Re8 10. Nc3 Bg4 11. Bb5 a6 12. Bxc6 bxc6 13. Nd4 c5 14. Nde2 Bh5
15. Ng3 Bg6 16. f4 h6 17. Bh4 Qb8 18. Rab1 Qa7 19. f5 c4+ 0-1

[Event "Massy Op"]
[Site "Massy"]
[Date "10.06.30"]
[Round "?"]
[White "Vernier,  Maurice"]
[Black "Laigle , Corinne"]
[Result "1-0"]
[WhiteElo "1360"]
[BlackElo "1160"]
[PlyCount "67"]
[EventDate "2010.06.??"]
[EventType "swiss"]
[EventRounds "7"]
[EventCountry "FRA"]
[WhiteTeamCountry "FRA"]
[BlackTeamCountry "FRA"]

1. e4 Nc6 2. Nf3 e6 3. c3 Nf6 4. d3 d5 5. e5 Ng4 6. d4 a6 7. h3 Nh6 8. g4 f5 9.
Bd3 Qe7 10. g5 Nf7 11. h4 g6 12. Qe2 b5 13. b3 Bb7 14. a3 O-O-O 15. b4 h6 16.
a4 hxg5 17. axb5 Kd7 18. bxc6+ Ke8 19. cxb7 Rb8 20. Bxa6 Nd8 21. Bxg5 Qd7 22.
b5 c5 23. bxc6 Nxc6 24. Nbd2 Kf7 25. Bf6 Rh7 26. Ng5+ Ke8 27. Nxh7 Qxh7 28. Bb5
Qxb7 29. Rb1 Kd7 30. h5 Kc7 31. hxg6 Bb4 32. Rh7+ Be7 33. Bxe7 Kb6 34. Bc5+ 1-0

[Event "Massy Op"]
[Site "Massy"]
[Date "10.07.01"]
[Round "?"]
[White "Debray, Christopher"]
[Black "Guilleux, Fabien"]
[Result "1-0"]
[WhiteElo "2377"]
[BlackElo "2394"]
[PlyCount "69"]
[EventDate "2010.06.??"]
[EventType "swiss"]
[EventRounds "7"]
[EventCountry "FRA"]
[WhiteTeamCountry "FRA"]
[BlackTeamCountry "FRA"]

1. e4 c5 2. Nf3 d6 3. d4 Nf6 4. Nc3 cxd4 5. Nxd4 Nc6 6. Be3 Ng4 7. Bb5 Nxe3 8.
fxe3 Bd7 9. O-O Ne5 10. Nf3 Nc6 11. Ng5 f6 12. Qd5 Qc8 13. Qf7+ Kd8 14. Nf3 Be6
15. Qh5 g6 16. Qh4 Bg7 17. Rad1 Ke8 18. Nd5 Bf7 19. Qg3 Kf8 20. c4 b6 21. b3
Qb7 22. Bxc6 Qxc6 23. e5 f5 24. e4 e6 25. exf5 gxf5 26. Nf6 Rd8 27. Ng5 a6 28.
Ngxh7+ Rxh7 29. Nxh7+ Kg8 30. Qh4 Qc7 31. Nf6+ Kf8 32. Ne4 Bg8 33. Rxd6 Rxd6
34. exd6 Qb7 35. Qe7+ 1-0